000 00300nam a22001457a 4500
003 SGT
020 _a9788126713967
082 _a920
_bS83D
100 _aDARBARI, RAAG
245 _aSHRI LAL SHUKL
260 _bRAJKAMAL PAPERBACKS
_c1983
300 _a334
650 _aBIOGRAPHY
942 _2ddc
_cBK
999 _c28351
_d28351